000 00307nam a2200121Ia 4500
008 240731s9999 xx 000 0 und d
022 _a1532-7795
245 0 _aJournal of Research on Adolescence
260 _bRoutledge
856 _uhttps://www.tandfonline.com/loi/hzzg20
942 _2ddc
942 _cTFEJ
999 _c78136
_d78136
945 _a1
_bMadushi Gamage
_c1
_dMadushi Gamage